Mr.Children シングルA面曲 - Statistics

General Stats
  • This quiz has been taken 217 times
  • The average score is 25 of 45
Answer Stats
発売日 Answer % Correct
2008/9/3 HANABI
88%
1994/6/1 innocent world
85%
1994/11/10 Tomorrow never knows
85%
1995/8/10 シーソーゲーム 〜勇敢な恋の歌〜
83%
1996/2/5 名もなき詩
83%
1998/10/21 終わりなき旅
81%
2006/11/15 しるし
74%
2004/5/26 sign
73%
1993/11/10 CROSS ROAD
68%
1992/12/1 抱きしめたい
67%
2002/12/11 HERO
67%
1996/4/10 花 -Mémento-Mori-
66%
2003/11/19 くるみ
65%
1992/8/21 君がいた夏
64%
2008/7/30 GIFT
63%
2014/11/19 足音 〜Be Strong
62%
2006/7/5 箒星
60%
1995/5/10 【es】〜Theme of es〜
59%
1994/12/12 everybody goes -秩序のない現代にドロップキック-
58%
2000/1/13 口笛
57%
2007/1/24 フェイク
54%
1998/2/11 ニシエヒガシエ
53%
1997/2/5 Everything (It's you)
53%
1993/7/1 Replay
53%
2002/1/1 君が好き
52%
2001/11/7 youthful days
52%
2007/10/31 旅立ちの唄
51%
2005/6/29 未来
50%
2002/7/10 Any
50%
2017/7/26 himawari
50%
2001/8/22 優しい歌
48%
2003/11/19
48%
2017/1/11 ヒカリノアトリエ
48%
1996/8/8 マシンガンをぶっ放せ -Mr.Children Bootleg-
47%
1999/1/13 光の射す方へ
45%
2000/8/9 NOT FOUND
45%
2005/6/29 and I love you
43%
2020/3/4 Birthday
41%
2005/6/29 ランニングハイ
39%
2005/6/29 ヨーイドン
38%
1999/5/12 I'LL BE
38%
2012/4/18 祈り 〜涙の軌道
36%
2020/3/4 君と重ねたモノローグ
31%
2012/4/18 End of the day
30%
2012/4/18 pieces
30%
No matching quizzes found
Score Distribution
Percent of People with Each Score
Percentile by Number Answered
Your Score History
You have not taken this quiz